000 01176cam a2200337 i 4500
001 013408756
003 EG-ScBUE
005 20230313105321.0
008 060329t2006 enka f b 001 0 eng d
020 _a9780470018125
020 _a0470018127
040 _aStDuBDS
_beng
_erda
_dUk
_dEG-ScBUE
_cEG-ScBUE
082 0 4 _a794.81526
_222
_bSME
100 1 _aSmed, Jouni,
_eauthor.
245 1 0 _aAlgorithms and networking for computer games /
_cJouni Smed, Harri Hakonen, University of Turku, Finland.
264 1 _aChichester, England :
_bJohn Wiley and Sons, Ltd,
_c[2006]
264 4 _cc2006
300 _axx, 264 pages :
_billustrations ;
_c25 cm
336 _2rdacontent
_atext
_btxt
337 _2rdamedia
_aunmediated
_bn
338 _2rdacarrier
_avolume
_bnc
504 _aIncludes bibliographical references and index.
650 7 _aComputer games
_xProgramming.
_2BUEsh
_912480
650 7 _aComputer algorithms.
_2BUEsh
_910553
651 _2BUEsh
653 _bCOMSCI
_bGGEN
_cMarch2018
655 _vReading book
700 1 _aHakonen, Harri,
_eauthor.
856 4 1 _3Table of contents
_uhttp://www.loc.gov/catdir/toc/ecip0611/2006010651.html
942 _2ddc
_cBB
999 _c26240
_d26212